Évadé de la nuit
Na minha lista:
| Autor principal: | |
|---|---|
| Formato: | Livro |
| Idioma: | French |
| Publicado em: |
Ottawa, Canadá
Le cercle du livre de France
1951
|
| Assuntos: | |
| Tags: |
Adicionar Tag
Sem tags, seja o primeiro a adicionar uma tag!
|
MARC
| LEADER | 00000nam a2200000Ia 4500 | ||
|---|---|---|---|
| 008 | 170316s9999 xx 000 0 fre d | ||
| 040 | |a cru BVZT | ||
| 090 | |a 818 L-7e | ||
| 100 | |a Langevin, André | ||
| 245 | |a Évadé de la nuit |c André Langevin | ||
| 260 | |a Ottawa, Canadá | ||
| 260 | |b Le cercle du livre de France | ||
| 260 | |c 1951 | ||
| 300 | |a 245 páginas | ||
| 650 | |a LITERATURA CANADIENSE | ||
| 650 | |a EN IDIOMA FRANCÉS | ||
| 650 | |a NOVELA |9 13 | ||
| 999 | |c 21931 |d 21931 | ||
| 942 | |c LIB |h 818 L-7e |2 z | ||
